000 00550cam a22002171 4500
001 sa 67004508
003 DLC
005 20260227112347.0
008 890823s1966 ii 000 0 hino
010 _asa 67004508
035 _a(OCoLC)20236807
040 _aDLC
_cWaU
_dDLC
042 _apremarc
050 0 0 _aPK2098.G8
_bS388
100 0 _aViśvambhara Mānava,
_d1912-
245 1 0 _aSāketa kī ṭīkā.
260 _c[1966]
300 _a885 p.
_c19 cm.
500 _aIn Hindi.
600 1 0 _aGupta, Maithili Sarana,
_d1886-1964.
_tSāketa.
999 _c74541
_d74541